000 00395nam a22001697a 4500
003 OSt
008 250419b |||||||| |||| 00| 0 eng d
020 _a9789356811003
082 _a577 HUE
100 _aHUSAIN,Majid
245 _aEnvironment and Ecology
250 _a6th Ed
260 _aNew Delhi
_bGK Publication(p) Ltd.
_c2024
300 _aMISC
650 _aGeneral
942 _2ddc
_cBK
999 _c13344
_d13344